Statistics for Billboard Icon Award Winners

Click here to take the quiz!

General Stats

  • This quiz has been taken 8 times
  • The average score is 4 of 7

Answer Stats

YearWinner% Correct
2016Celine Dion
100%
2018Janet Jackson
83%
2017Cher
67%
2013Prince
50%
2014Jennifer Lopez
33%
2011Neil Diamond
33%
2012Stevie Wonder
33%

Score Distribution

Percentile by Number Answered

Percent of People with Each Score

Your Score History

You have not taken this quiz